000 00581nam a2200181Ia 4500
005 20250508163259.0
008 008 250505s9999 xx 000 0 eng d
037 _aTextual
040 _aFEDL
_beng
_cFEDL
041 _aeng
_2eng
084 _a320.954, RAD
_qFEDL
100 _aRadhey Mohan Ed.
_9133615
245 0 _aComposite culture and Indian society problems and prospects of integration
260 _aNew Delhi, India
_bZakir Husain Educational and Cultural Foundation
300 _axx,244p
942 _cTEXL
_h320.954, RAD
999 _c1381998
_d1381998